[Event "Wunsiedel op 7th"]
[Site "Wunsiedel"]
[Date "2013.05.11"]
[Round "6"]
[White "Peralta, Fernando"]
[Black "Seyb, Alexander"]
[Result "1/2-1/2"]
[WhiteElo "2626"]
[BlackElo "2340"]
[Annotator "Peralta,F"]
[PlyCount "57"]
[EventDate "2013.05.09"]
[EventType "swiss"]
[EventRounds "7"]
[EventCountry "GER"]
[SourceTitle "CBM 155"]
[Source "ChessBase"]
[SourceDate "2013.07.16"]
[SourceVersion "1"]
[SourceVersionDate "2013.07.16"]
[SourceQuality "1"]

1. d4 Nf6 2. c4 e6 3. Nc3 Bb4 4. e3 O-O 5. Bd3 d5 6. Nf3 c5 7. O-O dxc4 8. Bxc4
cxd4 9. exd4 b6 10. Re1 ({Recently some games have been played with old
complications that go} 10. Qe2 Bb7 11. Rd1 Nbd7 12. d5 Bxc3 13. dxe6 Bxf3 14.
gxf3 fxe6 15. bxc3 Qc7 {(for example Topalov - Aronian, Candidates 2013) but
the conclusion remains the same as 50 years ago: White wins a pawn or the
bishop pair but Black's superior structure gives him sufficient compensation
to gain a draw at the end.}) ({Another topical line played recently by Gelfand
twice against Anand and Kramnik is} 10. Bg5 Bb7 11. Qe2 Nbd7 12. Rac1) 10...
Bb7 11. Bd3 {Not very fashionable today but a popular line in the seventies
played often by the Yugoslav grandmaster Svetozar Gligoric.} Nbd7 ({If Black
chooses not to take on c3 he prefers to develop} 11... Nc6) 12. a3 Be7 (12...
Bxc3 13. bxc3 {is more usual and White would be able to place his bishop on b2
and advance c3-c4.}) 13. Qe2 $146 {To my surprise this is a novelty. White has
tried other setups, these are the most important examples:} (13. Bf4 Nd5 14.
Nxd5 Bxd5 15. Qe2 Nb8 16. Ne5 Nd7 17. Rac1 Nxe5 18. Bxe5 Bd6 19. Rc3 f6 20. Qh5
f5 21. Rec1 {with some advantage for White although Black's defences are
rather sturdy and the game ended in a draw in Gligoric - Rajkovic, Vrsac 1983.}
) (13. Bd2 a6 14. Qe2 b5 15. Rad1 Nb6 16. Bg5 Rc8 17. Ne5 Nbd5 18. Ne4 Nxe4 19.
Bxe7 Nxe7 20. Bxe4 Bxe4 21. Qxe4 Qd5 22. Qxd5 Nxd5 {and a draw was agreed in
Reshevsky - Petrosian, Santa Monica 1966.}) (13. Bc2 a6 14. Qd3 Re8 15. Bg5 g6
16. Rad1 Nd5 17. Bc1 Rc8 18. Bb3 N7f6 19. Ne5 b5 20. Ne2 {with a complicated
struggle to come, Gligoric - Najdorf, Piatigorsky Cup 1963.}) 13... Re8 {
Black is now ready to respond 14.Bg5 with 14...Nd5.} 14. Ne5 {An attempt to
put on some pressure immediately. From now on Black has to reckon with the
sacrifice of the kinght on f7.} Rc8 $1 {Eyeing the c4 square.} (14... Nxe5 15.
dxe5 {was in White's favour for example:} Nd5 (15... Nd7 16. Bf4 Nc5 17. Bc2 ({
or} 17. Bb5)) 16. Ne4 {with a good attacking position and if} Qc7 17. Ng5 h6 $2
18. Nxf7 $1 Kxf7 19. Qh5+ Kf8 20. Bxh6 $1 {the attack becomes irresistible.}
Bc5 21. Bg5 Qf7 (21... Red8 22. Bg6 (22. Re3 $5 {wins too}) 22... Ne7 23. Bxe7+
Kxe7 24. Qh4+ Kd7 25. b4 $1 Be7 26. Qg4 $1 Bd5 27. Rad1 Qc6 28. Rxd5+ Qxd5 29.
Rd1 $18) 22. Bg6 Qxf2+ 23. Kh1 Qxg2+ 24. Kxg2 Nf4+ 25. Kg3 Nxh5+ 26. Bxh5 {
winning material.}) 15. Bd2 (15. Bb5 Rf8 16. Nxd7 Nxd7 17. d5 Nc5 $11) ({
It is hasty to play} 15. Nxf7 Kxf7 16. Qxe6+ Kf8 17. Bc4 Rxc4 18. Qxc4 a6 (
18... Qa8 19. Nb5 $5 Bd5 20. Qc3) 19. a4 Qa8 {with a good position for Black.})
({Finally} 15. Bg5 $2 Nxe5 16. dxe5 Nd5 {eases Black's play.}) 15... a6 $1 {
Black slowly improves the position of the knight on d7.} ({Once again the
exchange in the centre leaves White with better prospects.} 15... Nxe5 16. dxe5
Nd7 (16... Ng4 $2 17. Bb5 Bc5 18. Qxg4 Qxd2 19. Re2 $18) (16... Nd5 17. Ne4)
17. Rad1 (17. Bf4 $14) 17... Nxe5 18. Bb5 Ng6 $1 $14 (18... Nc6 $2 19. Bf4))
16. Rad1 (16. Bxa6 $2 Bxa6 17. Qxa6 Nxe5 18. Rxe5 Qxd4 {favours Black.}) (16.
Nxd7 $5 Qxd7 17. Bxa6 Bxa6 18. Qxa6 Qxd4 19. Be3 Qc4 $1 {correctly pointed out
by my opponent after the game as the most precise continuation} 20. Qxb6 Rb8 ({
maybe} 20... Ng4 $1 $44 {is clever with good compensation}) 21. Qd4 Qxd4 22.
Bxd4 Rxb2 23. Nd5 {and White has a passed pawn but Black may be able to hold
without too many problems.} Rbb8 24. Nxe7+ Rxe7 25. a4 Rd7) 16... b5 17. Bb1 (
17. Bg5 Nxe5 18. dxe5 Nd5 19. Bxe7 Qxe7 20. Ne4 Nf4 21. Qg4 Bxe4 22. Bxe4 Ng6
$11) 17... Nb6 (17... Nf8 {was very solid but rather passive and after} 18. Qe3
Ng6 $5 19. Ba2 {I prefer White.} ({but not} 19. Nxf7 $2 Kxf7 20. Qxe6+ Kf8 21.
Ba2 Nh8 $1)) 18. Bg5 {Now 19.Bxf6 Bxf6 20.Bxh7 is threatened.} Nbd5 $2 {
This is a mistake.} (18... g6 19. Rd3 {I liked this position in the game but
after some analysis I came to the conclusion that Black is ok with several
continuations. Sacrifices very often don't work.} Nh5 (19... Nfd5 {Now White
has to play energetically or he will simply be worse.} 20. Nxf7 $1 (20. Qf3 $2
f6) 20... Kxf7 21. Rh3 $1 (21. Qxe6+ $2 Kg7 22. Rh3 (22. Bh6+ Kxh6 23. Rh3+ Bh4
) 22... Bf6) 21... Bxg5 22. Rxh7+ Kg8 23. Rxb7 $1 {is unclear, with 3 pawns
for the piece and some attacking chances.} Re7 24. Rxe7 Qxe7 25. Ne4) (19...
Nc4 20. Rg3 {seems again very dangerous for Black but he can defend at least
with} Nxe5 21. dxe5 Nd5 22. Ne4 Bxg5 23. Nxg5 Nf4 24. Qe3 Qd4 $1 25. Qxd4 Ne2+
26. Kf1 Nxd4 $11) (19... Nbd5 20. Rh3 Nxc3 21. bxc3 Qd5 22. f4 {and Black
cannot prevent the sacrifice on f7. Play can follow} Nh5 23. Nxf7 $1 Bxg5 24.
Rxh5 $1 Rxc3 $1 25. Rxg5 Qxd4+ 26. Kh1 Kxf7 27. f5 $1 Kg7 28. fxg6 h6 $14) 20.
Bd2 $1 (20. Bc1 $6 Bg5) (20. Nxf7 $2 Kxf7 21. Qxe6+ Kf8 22. Bh6+ Ng7 {and it
seems hard for me to accept but Black is better}) 20... Bg5 (20... Ng7 {
(reminiscences of the game Suba - Petrosian, Las Palmas 1982)} 21. Rh3 $13 Qxd4
$6 22. Nxf7 $1 Kxf7 23. Rxh7) 21. Rh3 $1 Nf4 $1 (21... Ng7 22. Rxh7 $1 Kxh7 23.
Nxf7 Bxd2 24. Nxd8 Bxe1 25. Nxb7 Bxc3 26. bxc3 Rxc3 27. Qd2 Rxa3 28. Nd6 {
with an attack}) 22. Bxf4 Bxf4 23. Nxf7 Qxd4 $1 {with complications.}) 19. Bxf6
$1 {This gives White a clear edge after a forced sequence of moves.} ({There
was, however, the interesting} 19. Rd3 Nxc3 20. bxc3 Be4 $1 (20... Ne4 $2 21.
Rh3 $3 {with the key moves} Nxg5 22. Bxh7+ Kf8 23. Qh5 $1 {and Black will be
mated very soon}) 21. Rh3 (21. Bxf6 $2 Bxd3 22. Qxd3 (22. Bxe7 $2 Bxe2 23. Bxd8
Rexd8 24. Rxe2 Rxc3 {is hopeless for White}) 22... Bxf6 23. Qxh7+ Kf8 {and
Black is better.}) 21... Bxb1 22. Rxb1 {It seems that Black is doing well but
actuallyhe ought to play very carefully. White's immediate threat is to attack
both f7 and h7 after 23.Bxf6 Bxf6 24.Qh5.} Qd5 $1 {Only this move guarantees
Black equality.} (22... g6 $2 23. Qf3 $16) (22... Rc7 23. Qd3 $1 h6 24. Bxh6
gxh6 25. Rg3+ Kf8 26. Nxf7 Rxc3 $1 27. Nxd8 Rxd3 28. Nxe6+ Kf7 29. Rxd3 Kxe6
30. Re1+ {with better chances.}) (22... Qc7 $2 23. Qd3 $1 h6 24. Bxh6 gxh6 25.
Qg3+ Kh7 26. Qf4 h5 27. Qg5 Rg8 (27... Bd8 28. Ng4 $1) 28. Rxh5+ Nxh5 29. Qxh5+
Kg7 30. Qxf7+ Kh6 31. Re1 {with a decisive attack.}) (22... h6 $2 23. Bxh6 $1
gxh6 24. Qe3 Bf8 25. Rg3+) 23. Bxf6 Bxf6 24. Qh5 Bxe5 25. Qxh7+ Kf8 26. dxe5
Qxe5 $11) 19... Nxf6 (19... Bxf6 $2 {of course is not good in view of} 20.
Bxh7+) 20. Nxf7 Kxf7 21. Qxe6+ Kf8 22. Ba2 Rc4 23. Bxc4 bxc4 24. Qxc4 Qc8 (
24... Nd5 {can be answered with} 25. Ne4 ({or} 25. Re5)) 25. Qb3 $2 {A mistake
both in calculation and assessment. I understood that I should keep queens on
the board so I simply moved it to the most active square.} ({After the game we
focused on} 25. Qd3 Rd8 26. Qg3 (26. d5 {is much better with the idea of} Bxd5
$2 27. Nxd5 Rxd5 28. Qe2 {with an attack}) 26... Bd6 27. Qh4 Bxa3 28. bxa3 Qxc3
{and the position is more or less equal.}) ({But the best solution in my
opinion was to go into an endgame.} 25. Qxc8 $1 Rxc8 {Now 26...Ba3 is
threatened. I think that if Black manages to exchange knights and block on d5
his position will be ok. White should manoeuvre with his knight and try to
exchange it for a bishop (even sometimes at the cost of a pawn).} 26. Na4 {
White has other good options but I prefer this move improving the knight's
position immediately.} (26. Re6 {activating the rook} Kf7 (26... Bxa3 $2 27.
Rb6 $1 {is the key move}) 27. Rb6 Rc7 28. f3 {but the rook is strangely placed
on b6.}) (26. d5 {After this advance it will be more difficult to improve the
knight.} Rd8 (26... Bxa3 27. bxa3 Rxc3 28. d6 Rc8 29. Re7 Bd5 30. Ra7 Rc6 31.
d7 Ke7 32. d8=Q+ Kxd8 33. Rxg7 $16) 27. Re6 Bd6) (26. Rd3 Nd5 27. Ne4 Rc2 28.
Rd2 Rc8) 26... Nd5 27. Nc5 $5 (27. Rc1 $2 {is bad due to} Rxc1 28. Rxc1 Nf4) ({
but a good option is to play} 27. g3 Rc4 28. b4 a5 29. Nc5) 27... Bxc5 28. dxc5
Rxc5 29. Rc1 Rb5 ({or} 29... Rxc1 30. Rxc1 Ke7 31. f3 Kd6 32. b4 Bc6 33. Kf2)
30. b4 a5 31. Rc5 {with good chances to convert the advantage into a win.})
25... Bxg2 $1 {Played rapidly. Now the game concludes quickly.} 26. Kxg2 Qg4+
27. Kh1 ({There was a possibility to play on after} 27. Kf1 Qh3+ 28. Ke2 (28.
Kg1 $2 Ng4 $19) 28... Bd6+ $1 29. Kd2 Bf4+ 30. Re3 {but Black is doing well
with} (30. Kc2 $2 Qf5+) 30... Ng4 ({or} 30... Qxh2)) 27... Qf3+ 28. Kg1 Qg4+
29. Kh1 1/2-1/2

[Event "Cappelle op 32nd"]
[Site "Cappelle la Grande"]
[Date "2016.02.19"]
[Round "8"]
[White "Arizmendi Martinez, Julen Luis"]
[Black "Gharamian, Tigran"]
[Result "1/2-1/2"]
[WhiteElo "2507"]
[BlackElo "2643"]
[Annotator "Primel,D"]
[PlyCount "41"]
[EventDate "2016.02.13"]
[EventType "swiss"]
[EventRounds "9"]
[EventCountry "FRA"]
[SourceTitle "EXT 2017"]
[Source "ChessBase"]
[SourceDate "2016.10.25"]
[SourceVersion "1"]
[SourceVersionDate "2016.10.25"]
[SourceQuality "1"]
[TimeControl "40/5400+30:1800+30"]
[WhiteClock "1:30:00"]
[BlackClock "1:30:00"]

1. d4 Nf6 2. c4 e6 3. Nc3 Bb4 4. e3 d5 5. Nf3 O-O 6. Bd3 c5 7. O-O cxd4 8. exd4
dxc4 9. Bxc4 b6 10. Bg5 Bb7 11. Qe2 Nbd7 (11... Bxc3 12. bxc3 Nbd7 13. Nd2 Qc7
14. Rac1 Nd5 15. f3 e5 16. Rfe1 Rae8 17. Bxd5 Bxd5 18. c4 Bb7 19. d5 f5 20. Be3
Rc8 21. a4 a5 22. Qd3 Rf6 23. Qa3 Ba6 24. Bf2 Rh6 25. h3 Rg6 26. Qe7 h5 27. h4
Qd8 28. Qxd8+ Rxd8 29. Kh2 Kf7 30. Rc3 Re8 31. Bg3 Nc5 32. Rxe5 Rxe5 33. Bxe5
Nxa4 34. Ra3 Nc5 35. Bd4 Nd7 36. Kg1 Rh6 37. Kf2 Rh8 38. Re3 Rc8 39. d6 Re8 40.
Rxe8 Kxe8 41. Bxg7 {Tomashevsky,E (2728)-Hou,Y (2673) Wijk aan Zee 2016 1/2-1/2
}) 12. d5 Bxc3 13. dxe6 Bxf3 14. gxf3 fxe6 $13 (14... Bd4 15. e7 Qc7 16.
exf8=Q+ Rxf8 17. Rac1 Qb8 18. Bh4 Qf4 19. Bg3 Qg5 20. f4 Qh6 21. Rfd1 Bc5 22.
Bb5 Nb8 23. a3 Nh5 24. Qf3 a6 25. Be2 Nxg3 26. hxg3 a5 27. Bb5 Qf6 28. Qc3 Qe7
29. Re1 Qd6 30. Rcd1 Qc7 31. Qe5 Qc8 32. Qe4 Qh3 33. Rd3 Qh5 34. f5 {1-0 (34)
Poobalasingam,P (2203)-Hansen,V (2124) Tromsoe 2008}) 15. Rad1 Qc7 16. Bxe6+
Kh8 17. bxc3 Rae8 $132 18. Qc4 $1 Qb7 19. Bxd7 Nxd7 20. Qd5 Qxd5 21. Rxd5
1/2-1/2

[Event "RUS-Cup01 Chigorin Memorial"]
[Site "St Petersburg"]
[Date "1997.11.03"]
[Round "3"]
[White "Ibragimov, Ildar"]
[Black "Zagrebelny, Sergey"]
[Result "1-0"]
[WhiteElo "2585"]
[BlackElo "2475"]
[Annotator "Psakhis,L"]
[PlyCount "79"]
[EventDate "1997.11.01"]
[EventType "swiss"]
[EventRounds "9"]
[EventCountry "RUS"]
[SourceTitle "CBM 062"]
[Source "ChessBase"]
[SourceDate "1998.01.31"]
[SourceVersion "1"]
[SourceVersionDate "1998.01.31"]
[SourceQuality "1"]

1. d4 Nf6 2. c4 e6 3. Nc3 Bb4 4. e3 c5 5. Bd3 d5 6. Nf3 O-O 7. O-O cxd4 8. exd4
dxc4 9. Bxc4 a6 10. Ne5 (10. Bb3 b5 11. d5 Bxc3 12. dxe6 Ba5 13. exf7+ Kh8 14.
Bf4 Nc6 15. Bd6 Bg4 $13 {Ivanchuk,V-Kramnik,V/New York PCA rapid 1994/EXP 41/
0-1 (46)}) 10... b5 11. Qf3 Ra7 {Last 2-3 years Black sacrificed exgange with
very good results after} (11... Qxd4 $1 12. Qxa8 (12. Bb3 Qa7) 12... Qxe5 13.
Be2 Bxc3 14. bxc3 Qxe2 15. Qxb8 Qc4 {Doesn,t look bad also} (15... Nd5 16. Qg3
Qc4 17. Bd2 f6 18. Rfe1 e5 19. Qf3 Bg4 20. Qe4 Rc8 {1/2-1/2 Huebner,R-Dreev,A/
Wijk aan Zee-A 1996 (51)}) 16. Ba3 Re8 17. Bb4 Nd5 18. a3 Qc6 19. Qe5 Bb7 20.
f3 f6 21. Qd4 e5 22. Qf2 Qc7 $44 {1/2-1/2 Lautier,J-Salov,V/Hoogovens 1997/CBM
57/[Salov] (41)}) 12. Bd3 Bb7 {N/} (12... Rc7 13. Bg5 Be7 14. Qh3 g6 15. Bh6
Re8 16. Rad1 Nc6 17. Rfe1 $36 {1-0 Sanguineti,R-Miana,E/ARG-ch 1975/MCD-ch (30)
}) 13. Qh3 Bxc3 (13... Qxd4 14. Be3 (14. Bg5 Ne4 15. Bxe4 Bxe4 16. Be3 Qxe5 17.
Bxa7 Bf5 18. Qe3 $14) 14... Qxe5 15. Bxa7 Bxc3 16. bxc3 Nc6 17. Rfe1 $14) 14.
bxc3 Be4 15. Bg5 {Unpleasant pin for Black.} Bxd3 16. Qxd3 Qd5 (16... Rc7 17.
a4 $1) 17. Bxf6 gxf6 18. Ng4 $36 {[%cal Rg4f6,Ra2a4]} Nd7 19. a4 Rb7 (19...
bxa4 20. Rxa4 $16 {[%csl Ra6]}) 20. axb5 axb5 21. Ne3 (21. Qg3 Kh8 22. Ne3 Qe4)
21... Qd6 22. Rab1 Rfb8 23. d5 (23. Rb2 Ne5 24. Qe4 Ng6 25. Rfb1 f5 $13) 23...
f5 (23... b4 $5 24. cxb4 Rxb4 25. Rxb4 Rxb4 26. Rd1 $14) 24. Rfd1 Qe5 (24...
Nc5 25. Qd4 e5 (25... Ne4 26. f3) 26. Nxf5 (26. Qh4 $5) 26... exd4 27. Nxd6
dxc3 28. Nxb7 Rxb7 29. Rd4 $1 $16) 25. Nc2 $1 {[%csl Rb5][%cal Yc2d4]} Nf6 $6 (
25... Rc8 26. dxe6 fxe6 (26... Rxc3 $2 27. Qxd7 $18) 27. Nd4 Nc5 28. Qf1 {
[%csl Rb5]}) 26. dxe6 fxe6 27. Nd4 {[%csl Re6]} Rb6 (27... Ng4 28. g3) 28. Re1
Qd5 $2 (28... Ne4 $1 29. f3 $140 Nc5 $1 30. Rxe5 Nxd3 31. Rexb5 Rxb5 32. Rxb5
Rc8 $16) 29. Rxe6 $1 Rxe6 30. Qg3+ {[%csl Rb8]} Kf7 31. Qxb8 $18 Re7 32. Qxb5
Qxb5 33. Nxb5 Ne4 34. f3 Nc5 35. Rd1 f4 36. Rd5 Ne6 37. c4 Kf6 38. Kf2 Ng7 39.
c5 Nf5 40. c6 1-0

[Event "Lee Cup 4th"]
[Site "Beijing"]
[Date "1997.09.01"]
[Round "8"]
[White "Li, Shilong"]
[Black "Li, Wenliang"]
[Result "1-0"]
[WhiteElo "2335"]
[BlackElo "2410"]
[Annotator "Psakhis,L"]
[PlyCount "51"]
[EventDate "1997.08.23"]
[EventType "swiss"]
[EventRounds "11"]
[EventCountry "CHN"]
[SourceTitle "CBM 061"]
[Source "ChessBase"]
[SourceDate "1997.11.23"]
[SourceVersion "1"]
[SourceVersionDate "1997.11.23"]
[SourceQuality "1"]

1. e4 c6 2. d4 d5 3. exd5 cxd5 4. c4 Nf6 5. Nc3 e6 6. Nf3 Bb4 7. Bd3 dxc4 8.
Bxc4 O-O 9. O-O b6 10. Bg5 Bb7 11. Ne5 Bxc3 (11... Nc6 $5 12. Bxf6 Qxf6 13. Nd7
Qh4) 12. bxc3 Qc7 (12... Nbd7 $5 13. Nxd7 Qxd7 14. Bxf6 gxf6 15. Re1 Kh8 16.
Bf1 Rg8 17. Re3 Rad8 18. Qe2 Qc6 19. f3 Qc7 20. Qf2 Qf4 $15 {1/2-1/2 Lin
Weiguo-Alterman,B/Beijing 1997 (47)}) 13. Rc1 (13. Bxf6 gxf6 14. Qg4+ Kh8 15.
Qh4 fxe5 16. Qf6+ Kg8 17. Qg5+ {1/2-1/2 Timman,J-Karpov,A/Malta olm 1980/MCD-ol
}) (13. Re1 $5 Nbd7 14. Nxd7 Nxd7 15. Bd3) 13... Nbd7 14. Nxd7 Nxd7 15. Bd3 $5
{N/} (15. Bb3 Qc6 16. Qg4 f5 17. Qg3 Nf6 18. f3 Kh8 19. Rfe1 Nd5 20. Qe5 Rae8
21. c4 Nb4 22. Rcd1 {1-0 Klundt,K-Jenke,T/Schwaebisch Gmuend op 1990/EXT 90op 
(37)}) 15... Rfe8 16. Qg4 $14 Nf8 (16... e5 $5 17. Bf5 $1 Nf8 18. Bf6 Ng6 19.
Bxg6 hxg6 20. Bxe5 Qc4 $44) 17. Rfe1 Kh8 $6 {Not the best square for a king.} (
17... e5 $2 18. Bf6) ({Simple} 17... Rac8 $5 18. c4 Qd6 {promiced equal
chances.}) 18. c4 Qd7 19. Bf1 (19. Re3 f5) 19... Rac8 20. c5 Qa4 $6 21. Qd1
Qxa2 22. Bc4 (22. Ra1 Qd5 (22... Qb2 23. Qd3 {[%csl Rb2]}) 23. Rxa7 (23. Re5
Qd7 24. Rxa7 f6) 23... Ra8 $11) 22... Qa3 $4 (22... Qb2 $142 $1 23. Re3 $5 Bd5
24. Rb1 $140 Qxb1 25. Qxb1 Bxc4 26. cxb6 axb6 27. Qxb6 Bd5 $11) 23. Re3 Qa5 (
23... Qb4 24. Rb3 Qa4 25. Bb5 Qa2 (25... Qa5 26. Bxe8 Rxe8 27. Ra1 $18) 26. Ra1
$18) 24. Ra1 Qb4 25. Ra4 Qb2 26. Rb3 {Hunt is over!} 1-0

[Event "St Petersburg-ch"]
[Site "St Petersburg"]
[Date "1998.04.11"]
[Round "5"]
[White "Lugovoi, Aleksei"]
[Black "Taimanov, Mark E"]
[Result "0-1"]
[WhiteElo "2540"]
[BlackElo "2490"]
[Annotator "Psakhis,L"]
[PlyCount "64"]
[EventDate "1998.04.07"]
[EventType "tourn"]
[EventRounds "13"]
[EventCountry "RUS"]
[EventCategory "10"]
[SourceTitle "CBM 065"]
[Source "ChessBase"]
[SourceDate "1998.08.06"]
[SourceVersion "1"]
[SourceVersionDate "1998.08.06"]
[SourceQuality "1"]

1. d4 {Hansen,LB} Nf6 2. c4 e6 3. Nc3 Bb4 4. e3 O-O 5. Bd3 d5 6. Nf3 c5 7. O-O
dxc4 8. Bxc4 Qe7 {[%cal Gc8d7,Gd7c6] This line is not very popular nowdays,
but it not worse, than all other, and has one very big advantage-nobody
remembers, what White have to play here. Hansen,LB: An old idea of Smyslov, to
my knowledge first played in Gligoric-Smyslov, Candidates tournament 1959.} (
8... Bd7 {Hansen,LB} 9. Qe2 (9. a3 Ba5 10. Ne2 cxd4 11. Nexd4 Nc6 $11 {
Cherepkov,A-Taimanov,M/St. Petersburg/1997/}) 9... Qe7 10. Rd1 Bc6 11. Ne5 Rd8
12. a3 Ba5 13. h3 Bd5 $5 14. Nxd5 exd5 15. Ba2 Bc7 16. b3 Bxe5 17. dxe5 Qxe5
18. Bb2 Qe7 19. Qb5 {1/2-1/2/Rogers,I-Lobron,E/Bundesliga/1996/}) 9. a3 Ba5 10.
Qc2 (10. Bd3 {Hansen,LB} Rd8 11. Qc2 cxd4 12. exd4 Nc6 13. Rd1 h6 $11 {Peng
Zhaoqin-Matveeva,S/Beograd/1998/}) (10. Bd2 {Hansen,LB} Rd8 11. Qe2 cxd4 12.
exd4 Nc6 13. Be3 Bxc3 14. bxc3 h6 $11 {Van der Werf,M-Giorgadze,G/Andorra/1997/
}) 10... Bd7 11. Ba2 (11. Bd3 cxd4 12. exd4 Bc6 13. Ne5 Rd8 14. Be3 h6 15. Kh1
Be8 16. Rfd1 Nc6 17. Nf3 Rac8 18. Qe2 Bb6 $11 {1/2-1/2 Beliavsky-Taimanov/
Vilnius Z 1975 (32)}) (11. dxc5 {Hansen,LB} Qxc5 12. Ne4 Nxe4 13. b4 Qh5 14.
Qxe4 Bc6 15. Qf4 Bb6 $11 {Gligoric-Smyslov, Bled 1959.}) 11... Bc6 $5 {N} (
11... Rc8 12. Bd2 cxd4 (12... Bc7 13. d5 exd5 14. Nxd5 Nxd5 15. Bxd5 Nc6 16.
Bc3 Be6 17. Bxc6 bxc6 18. Qe4 f6 19. Rfe1 Qf7 20. Qh4 h5 21. Nd2 c4 22. f4 Re8
23. e4 f5 {1/2-1/2 Gligoric,S-Reshevsky,S/Lugano (ol) 1968}) 13. exd4 h6 (13...
Bc6 14. d5 (14. Ne5 Bb6 15. Rfe1 Bxd4 16. Nxf7 Bxf2+ 17. Kxf2 Qxf7 18. Bxe6
Ne4+ 19. Kg1 Qxe6 20. Nxe4 {1/2-1/2 Teschner,R-Unzicker,W/West Berlin 1971})
14... Bxc3 15. dxc6 Bxd2 16. cxb7 Qxb7 17. Qxd2 Nc6 18. Rac1 $14 {1-0 Portisch,
L-Gheorghiu/Skopje-Ohrid i 1968 (33)}) 14. Rfe1 Qd8 15. Qd3 Nc6 16. Rad1 Be8
17. Bb1 a6 18. g4 $1 (18. Ne4) 18... Bxc3 19. bxc3 Na5 20. Ne5 Qc7 21. g5 hxg5
22. Qh3 $1 Ba4 23. Bxg5 $1 Bxd1 24. Bxf6 gxf6 25. Qh6 $1 fxe5 (25... f5 26. Re3
$1) 26. Bh7+ {1-0 Schmaus,A-Boeven,M/corr 1973}) 12. dxc5 ({Deserves attention
} 12. Ne5 {fo example} cxd4 13. exd4 Rc8 14. Bg5 {[%cal Ga1d1,Ga2b1] with
chances for attack.}) 12... Bxf3 13. gxf3 (13. b4 Bc6 (13... Bxg2 14. Kxg2 Bc7
15. Bb2 $36) 14. bxa5 Qxc5 $15) 13... Qxc5 14. b4 Qg5+ 15. Kh1 Qh5 (15... Bc7
16. f4 Qh5 17. Rg1 Qf3+ 18. Rg2 Rd8 $13) 16. Rg1 $6 {Too optimsistic! Hansen,
LB: White does not want a perpetual after 16. ba5, Qf3, but this is worse.} ({
White get nothing after} 16. Qe2 Bc7 17. f4 Qxe2 18. Nxe2 Rd8 $11 {[%cal Gd8d1,
Gb8c6,Ga8c8]}) (16. bxa5 $5 {Maybe it was the strongest move in position.}
Qxf3+ 17. Kg1 Qg4+ $11) 16... Qxf3+ 17. Rg2 Bc7 18. Bb2 {[%cal Gg2g7,Gb2g7]} (
18. Nb5 Be5) 18... Be5 $1 19. Rd1 {[%cal Gd1d3,Ge3e4]} Nbd7 20. Rd3 Rac8 $17 {
[%csl Yf3][%cal Rc8c2,Re5b2]} 21. Bb1 g6 {Hansen,LB: White has insufficient
compensation for the pawn.} (21... Nb6 $5) 22. e4 Qh5 (22... Qf4 23. Bc1 Qh4
24. Bg5 Qh5 25. f4) 23. f3 (23. Qd2 Nb6 $5 {[%cal Gb6c4]}) 23... Nb6 {[%csl
Rc4][%cal Rb6c4]} 24. Ba2 Rfd8 25. a4 Rxd3 (25... Qh3 $5 {[%cal Re5h2]}) 26.
Qxd3 Qh4 {[%cal Gh4e1]} (26... Qh6 $5 27. a5 $140 Bxc3 28. Bxc3 Qc1+) (26...
Qh3 $5 27. a5 Nh5 $19 {[%cal Rh3g2,Rh5f4,Rh5g3]}) 27. a5 Nbd7 28. Re2 Nf8 {
[%cal Gg6g5,Gf8g6]} (28... Bf4 $5 {[%cal Gd7e5]}) 29. Nd5 {Desperate try in
lost position.} Nxd5 30. Bxe5 (30. exd5 Bxb2 31. Rxb2 (31. dxe6 Rc1+ 32. Kg2
Qg5+ $19) 31... Rc1+ 32. Kg2 Qg5+ 33. Kh3 Rg1 $19) 30... Rc1+ 31. Kg2 Qg5+ 32.
Kh3 (32. Bg3 Nf4+) (32. Kf2 {Hansen,LB} Qg1#) 32... Rg1 0-1